Geography Quiz

Random Geography or City Quiz
Score 0/25 Timer 10:00
0 Plays Today
% Correct
Billings
98.2%
Missoula
92.9%
Helena
92.9%
Bozeman
83.9%
Great Falls
82.1%
Butte
78.6%
Kalispell
69.6%
Havre
66.1%
Anaconda
64.3%
Whitefish
60.7%
Miles City
55.4%
Livingston
55.4%
Columbia Falls
51.8%
% Correct
Polson
51.8%
Lewistown
50%
Glendive
50%
Sidney
48.2%
Laurel
48.2%
Belgrade
46.4%
Hamilton
46.4%
Cut Bank
46.4%
Dillon
44.6%
Glasgow
42.9%
Shelby
42.9%
Hardin
37.5%
Remove Ads.
Support Sporcle.
Get the best of Sporcle when you Go Orange. This ad-free experience offers more features, more stats, and more fun while also helping to support Sporcle. Thank you for becoming a member.

You're not logged in!

Compare scores with friends on all Sporcle quizzes.
OR
Log In

Show Comments

Extras

Top Quizzes Today


Score Distribution

Your Account Isn't Verified!

In order to create a playlist on Sporcle, you need to verify the email address you used during registration. Go to your Sporcle Settings to finish the process.

Report this User

Report this user for behavior that violates our Community Guidelines.

Details: